000 00857nam a22002777a 4500
003 CHAP
005 20220329140534.0
008 971013s r 00010 d
010 _a53575
011 _a54547
035 _a58698
040 _cCHAP
090 _aR-767
100 0 0 _aWester, P. J.
_9121542
245 _aPropagación de plantas y la fruticultura en los trópicos
500 _aSobretiro de: Boletín de la Unión Panamericana. 1927. 15 p.
590 _aBATCH-UPD
_b10
_c20130110
_lUCH01
_h0551
590 _aBATCH-UPD
_b10
_c20130410
_lUCH01
_h0233
590 _aBATCH-UPD
_b10
_c20130914
_lUCH01
_h1448
590 _aCONVERSION
_b10
_c20130109
_lUCH01
_h1329
650 1 4 _aFruticultura
_xTrópicos.
_943755
650 1 4 _aPropagación de plantas.
_992417
901 _aBK
942 _cREIMP
949 _aR-767
_bBC
_cR
_d-127276
_eTS1
_i58698
_si
999 _c53575
_d53575